Antimicrobia Resist Ance of bacteria in dog's sperm at b'er sangkeat, kampong chhnang province, ករណីបាក់តេរីក្នុងទឹកកាមសុនខ ស៊ាំនឹងឳសថអង់ទីប៊ីយ៉ូទិកនៅ សង្កាត់ប្អេរ ក្រុងកំពង់ឆ្នាំង ខេត្តកំពង់ឆ្នាំង (Record no. 25685)

000 -LEADER
fixed length control field 00701nam a22001217a 4500
040 ## - CATALOGING SOURCE
Transcribing agency RUA
082 ## - DEWEY DECIMAL CLASSIFICATION NUMBER
Classification number DVM PHA 2025 B707 Or.1
100 ## - MAIN ENTRY--AUTHOR NAME
Personal name PHAN DARASOKMETA, ផាន់ តារាសុមេត្តា
245 ## - TITLE STATEMENT
Title Antimicrobia Resist Ance of bacteria in dog's sperm at b'er sangkeat, kampong chhnang province, ករណីបាក់តេរីក្នុងទឹកកាមសុនខ ស៊ាំនឹងឳសថអង់ទីប៊ីយ៉ូទិកនៅ សង្កាត់ប្អេរ ក្រុងកំពង់ឆ្នាំង ខេត្តកំពង់ឆ្នាំង
260 ## - PUBLICATION, DISTRIBUTION, ETC. (IMPRINT)
Place of publication PHNOM PENH
Name of publisher RUA
Year of publication 2025
300 ## - PHYSICAL DESCRIPTION
Number of Pages xi,52p.
Other physical details ill.
Dimensions 29cm.
942 ## - ADDED ENTRY ELEMENTS (KOHA)
Koha item type MGR
952 ## - LOCATION AND ITEM INFORMATION (KOHA)
Withdrawn status [LOCAL, KOHA] 0
952 ## - LOCATION AND ITEM INFORMATION (KOHA)
Withdrawn status [LOCAL, KOHA] 0
Holdings
Permanent Location Date acquired Koha item type Lost status Shelving location Barcode Current Location Full call number
Library Block B2026-04-08MGR B707B7121059Library Block BDVM PHA 2025 B707 Or.1
Library Block B2026-04-08MGR B707B7121011Library Block BDVM PHA 2025 B707 Or.2
មជ្ឈមណ្ឌលឯការនៃសាកលវិទ្យាល័យភូមិន្ទកសិកម្មចំការដូង

Powered by Koha